000 00439nam a2200181Ia 4500
001 23117
005 20260414150916.0
008 260414t2016||||xx |||||||||||||| ||spa||
041 _aESP
082 _a624.1834
_bW943
100 _aWight, James K.,
_eAUT
245 0 _aReinforced concrete mechanics and design
_b
260 _c2016
300 _a1164 páginas :
_c28 cm.
650 _a0
654 _aCIC
942 _cLIB
_dJUS
_fJUS
_2ddc
_n
999 _c23117
_d23117